<?xml version="1.0" encoding="UTF-8"?>
<record
    xmlns:xsi="http://www.w3.org/2001/XMLSchema-instance"
    xsi:schemaLocation="http://www.loc.gov/MARC21/slim http://www.loc.gov/standards/marcxml/schema/MARC21slim.xsd"
    xmlns="http://www.loc.gov/MARC21/slim">

  <leader>00962nam a2200217 i 4500</leader>
  <controlfield tag="001">30382</controlfield>
  <controlfield tag="003">ES-MaACL</controlfield>
  <controlfield tag="005">20230906154202.0</controlfield>
  <controlfield tag="007">t|</controlfield>
  <controlfield tag="008">030124s1972    sp           ||||1| spa d</controlfield>
  <datafield tag="100" ind1="1" ind2=" ">
    <subfield code="a">Belinch&#xF3;n Valera, Pedro.</subfield>
    <subfield code="9">27167</subfield>
  </datafield>
  <datafield tag="245" ind1="1" ind2="0">
    <subfield code="a">Discurso de ingreso </subfield>
    <subfield code="b">: ecolog&#xED;a biol&#xF3;gica / </subfield>
    <subfield code="c">Pedro Belinch&#xF3;n Valera ; discurso de contestaci&#xF3;n por Isidoro M&#xED;nguez Delgado ; palabras finales por Ram&#xF3;n S&#xE1;nchez-Parra Garc&#xED;a.</subfield>
  </datafield>
  <datafield tag="260" ind1=" " ind2=" ">
    <subfield code="a">Murcia : </subfield>
    <subfield code="b">Academia de Medicina y Cirug&#xED;a, </subfield>
    <subfield code="c">[1972]</subfield>
  </datafield>
  <datafield tag="300" ind1=" " ind2=" ">
    <subfield code="a">59 p. ; </subfield>
    <subfield code="c">24 cm.</subfield>
  </datafield>
  <datafield tag="594" ind1=" " ind2=" ">
    <subfield code="a">Precede al t&#xED;t.: Discursos le&#xED;dos en la sesi&#xF3;n extraordinaria celebrada por la Real Academia de Medicina y Cirug&#xED;a de Murcia el d&#xED;a 26 de marzo de 1969.</subfield>
  </datafield>
  <datafield tag="650" ind1=" " ind2="4">
    <subfield code="a">Ecolog&#xED;a.</subfield>
    <subfield code="9">11995</subfield>
  </datafield>
  <datafield tag="700" ind1="1" ind2=" ">
    <subfield code="a">M&#xED;nguez Delgado, Isidoro.</subfield>
    <subfield code="9">81353</subfield>
  </datafield>
  <datafield tag="700" ind1="1" ind2=" ">
    <subfield code="a">S&#xE1;nchez-Parra Garc&#xED;a, Ram&#xF3;n.</subfield>
    <subfield code="9">167026</subfield>
  </datafield>
  <datafield tag="710" ind1="2" ind2=" ">
    <subfield code="a">Real Academia de Medicina y Cirug&#xED;a de Murcia.</subfield>
    <subfield code="9">6328</subfield>
  </datafield>
  <datafield tag="852" ind1=" " ind2=" ">
    <subfield code="a">ES-MaACL</subfield>
    <subfield code="j">2083-F-15</subfield>
  </datafield>
  <datafield tag="999" ind1=" " ind2=" ">
    <subfield code="c">30382</subfield>
    <subfield code="d">30382</subfield>
  </datafield>
  <datafield tag="952" ind1=" " ind2=" ">
    <subfield code="0">0</subfield>
    <subfield code="1">0</subfield>
    <subfield code="4">0</subfield>
    <subfield code="7">0</subfield>
    <subfield code="8">Colecci&#xF3;n_de_folletos</subfield>
    <subfield code="a">ATENEOM</subfield>
    <subfield code="b">ATENEOM</subfield>
    <subfield code="c">DEPOF</subfield>
    <subfield code="d">2008-01-17</subfield>
    <subfield code="e">SC</subfield>
    <subfield code="l">0</subfield>
    <subfield code="o">2083-F-15</subfield>
    <subfield code="p">1031365</subfield>
    <subfield code="r">2023-02-23 00:00:00</subfield>
    <subfield code="w">2023-02-23</subfield>
    <subfield code="y">FOLLETOS</subfield>
  </datafield>
</record>
